Osiedla Bemowa - Statystyki

Ogólne statystyki
  • Ten quiz został rozwiązany 53 razy
  • Średni wynik to 8 z 10
Odpowiedzi na mapie
Odpowiedzi zakodowano w zielono-czerwonej skali na mapie do tego quizu, zgodnie z poniższymi procentami.
 
Statystyki odpowiedzi
Osiedle % Poprawnych
Jelonki Północne
93%
Jelonki Południowe
93%
Boernerowo
90%
Bemowo Lotnisko
86%
Fort Bema
86%
Lotnisko
83%
Chrzanów
79%
Groty
72%
Fort Radiowo
69%
Górce
62%
Nie znaleziono quizów pasujących do podanych kryteriów
Rozkład punktacji
Procent ludzi z każdym wynikiem
Percentyl według liczby udzielonych odpowiedzi
Twoja historia wyników
Nie rozwiązałeś tego quizu